Reliability, maintainability and risk: practical methods for engineers
Uloženo v:
| Hlavní autor: | |
|---|---|
| Médium: | Kniha |
| Jazyk: | angličtina |
| Vydáno: |
Oxford
Butterworth Heinemann
1997
|
| Vydání: | 5a. ed |
| Témata: | |
| Tagy: |
Přidat tag
Žádné tagy, Buďte první, kdo vytvoří štítek k tomuto záznamu!
|
MARC
| LEADER | 00000nam a2200000 a 4500 | ||
|---|---|---|---|
| 001 | UCO5707 | ||
| 003 | CL-VaPUC | ||
| 008 | 000915e19970000UK |||||||||||||||||eng|d | ||
| 082 | 0 | 4 | |a 620.004 |b SMI |2 21 |
| 100 | 0 | |a Smith, David J |e author |9 450491 | |
| 245 | 1 | 0 | |a Reliability, maintainability and risk: practical methods for engineers |
| 250 | |a 5a. ed | ||
| 300 | |a 317 p | ||
| 942 | |c BK | ||
| 945 | |d 20000915 00:00:00 |a rbrito | ||
| 260 | |a Oxford |b Butterworth Heinemann |c 1997 | ||
| 650 | 0 | |a Mantenimiento |9 271710 | |
| 650 | 7 | |a FIABILIDAD |2 CL-VaPUC |9 338543 | |
| 650 | 7 | |a SERVICIO DE MANTENIMIENTO |2 CL-VaPUC |9 450492 | |
| 650 | 0 | |a Riesgo |9 256420 | |
| 650 | 0 | |a Ingeniería |9 259380 | |
| 583 | |a last modification |c 20000915 00:00:00 |k Rodrigo Vera | ||
| 999 | |c 291545 |d 291543 | ||
| 952 | |0 0 |1 0 |4 0 |6 620_004000000000000_SMI_1997 |7 0 |8 A |9 341445 |a BIBING |b BIBING |d 2019-11-20 |i 3583368 |o 620.004 SMI 1997 |p 3583368 |r 2025-01-20 |w 2019-11-20 |y BK |k EIQ | ||